[Event "Avoine op 27th"]
[Site "Avoine"]
[Date "2012.07.26"]
[Round "6"]
[White "Cau, Benjamin"]
[Black "Julien, Clement"]
[Result "1-0"]
[WhiteElo "2158"]
[BlackElo "1912"]
[PlyCount "37"]
[EventDate "2012.07.21"]
[EventType "swiss"]
[EventRounds "9"]
[EventCountry "FRA"]
[SourceTitle "CBM 149 Extra"]
[Source "ChessBase"]
[SourceDate "2012.08.24"]
[SourceVersion "1"]
[SourceVersionDate "2012.08.24"]
[SourceQuality "1"]

1. e4 e5 2. Nf3 Nc6 3. Bb5 a6 4. Bxc6 dxc6 5. 0-0 Bg4 6. h3 h5 7. d3 Qf6 8. Nbd2 Ne7 9. Nc4 Ng6 10. hxg4 hxg4 11. Bg5 Qe6 12. Nh2 g3 13. Ng4 Bc5 14. Be3 Bxe3 15. Ncxe3 gxf2+ 16. Rxf2 Nf4 17. Rf1 0-0-0 18. g3 Nh3+ 19. Kg2 1-0

[Event "Avoine op 27th"]
[Site "Avoine"]
[Date "2012.07.22"]
[Round "2"]
[White "Heurtebize, Christophe"]
[Black "Julien, Clement"]
[Result "1-0"]
[WhiteElo "2106"]
[BlackElo "1912"]
[PlyCount "45"]
[EventDate "2012.07.21"]
[EventType "swiss"]
[EventRounds "9"]
[EventCountry "FRA"]
[SourceTitle "CBM 149 Extra"]
[Source "ChessBase"]
[SourceDate "2012.08.24"]
[SourceVersion "1"]
[SourceVersionDate "2012.08.24"]
[SourceQuality "1"]

1. d4 d5 2. c4 c6 3. Nf3 Nf6 4. Qc2 Bg4 5. Ne5 Bh5 6. cxd5 Qxd5 7. e3 Nfd7 8. Nc3 Qa5 9. b4 Qc7 10. Nxd7 Nxd7 11. Qb3 e5 12. d5 a5 13. bxa5 Qxa5 14. Bd2 Bb4 15. Rb1 Bxc3 16. Bxc3 Qxd5 17. Qxd5 cxd5 18. Rxb7 Bg4 19. Bb5 f6 20. 0-0 Kd8 21. Bc6 Ra6 22. Bxd5 Rb6 23. Ba5 1-0

[Event "Avoine op 26th"]
[Site "Avoine"]
[Date "2011.07.24"]
[Round "2"]
[White "Lebret, Jean Michel"]
[Black "Julien, Clement"]
[Result "1-0"]
[WhiteElo "2103"]
[BlackElo "1909"]
[PlyCount "37"]
[EventDate "2011.07.23"]
[EventType "swiss"]
[EventRounds "9"]
[EventCountry "FRA"]
[SourceTitle "EXT 2012"]
[Source "ChessBase"]
[SourceDate "2011.11.24"]
[SourceVersion "1"]
[SourceVersionDate "2011.11.24"]
[SourceQuality "1"]

1. e4 e5 2. Nf3 Nc6 3. Bb5 a6 4. Ba4 d6 5. c3 f5 6. exf5 Bxf5 7. d4 b5 8. d5 e4 9. Bc2 Qe7 10. 0-0 Ne5 11. Nd4 Bg4 12. Qe1 Nf6 13. Bxe4 Bh5 14. Bg5 h6 15. Bxf6 gxf6 16. f4 Nc4 17. Nc6 Qg7 18. Bg6+ Kd7 19. Qe6# 1-0

[Event "Avoine op 25th"]
[Site "Avoine"]
[Date "2010.07.20"]
[Round "4"]
[White "Hutois, Mickael"]
[Black "Julien, Clement"]
[Result "1-0"]
[WhiteElo "2133"]
[BlackElo "1868"]
[PlyCount "111"]
[EventDate "2010.07.17"]
[EventType "swiss"]
[EventRounds "9"]
[EventCountry "FRA"]
[SourceTitle "EXT 2011"]
[Source "ChessBase"]
[SourceDate "2010.11.26"]
[SourceVersion "1"]
[SourceVersionDate "2010.11.26"]
[SourceQuality "1"]

1. e4 e5 2. Nf3 Nc6 3. Bc4 Bc5 4. Qe2 d6 5. c3 Nf6 6. 0-0 0-0 7. a4 a5 8. d3 h6 9. Nbd2 Re8 10. Re1 Bg4 11. Nf1 Nh5 12. h3 Be6 13. Nxe5 Nxe5 14. Bxe6 Rxe6 15. d4 Nf6 16. dxc5 Nc6 17. f3 d5 18. Ng3 dxe4 19. Qc4 Ne5 20. Qd4 Nd3 21. Re3 Qe7 22. Nf5 Qxc5 23. Nxh6+ gxh6 24. Rxd3 Qxd4+ 25. Rxd4 e3 26. Kf1 Nh5 27. Ke1 c5 28. Re4 Rxe4 29. fxe4 Nf4 30. Kf1 Re8 31. Bxe3 Nd3 32. b3 h5 33. Ke2 Ne5 34. Bxc5 Nd7 35. Bd4 Rxe4+ 36. Kf3 Re6 37. Kf2 Nf6 38. Rd1 Nd5 39. Re1 Kh7 40. Rxe6 fxe6 41. Kf3 Kg6 42. Ke4 Kg5 43. Ke5 h4 44. c4 Nb4 45. Be3+ Kg6 46. Bb6 Kf7 47. Ke4 Nc6 48. Bf2 e5 49. Bxh4 Ke6 50. Bf2 Nb8 51. Bb6 Nd7 52. Be3 Nf6+ 53. Kf3 Kf5 54. g4+ Kg6 55. h4 Kf7 56. g5 1-0

[Event "FRA-chT2 0910"]
[Site "France"]
[Date "2009.12.13"]
[Round "6.7"]
[White "Julien, Clement"]
[Black "Cwiek, Perrine"]
[Result "1-0"]
[WhiteElo "1817"]
[BlackElo "1828"]
[PlyCount "53"]
[EventDate "2009.09.27"]
[EventType "team-tourn"]
[EventRounds "11"]
[EventCountry "FRA"]
[SourceTitle "EXT 2011"]
[Source "ChessBase"]
[SourceDate "2010.11.26"]
[SourceVersion "1"]
[SourceVersionDate "2010.11.26"]
[SourceQuality "1"]

1. e4 e5 2. Nf3 Nc6 3. Bc4 Be7 4. c3 Nf6 5. d3 0-0 6. 0-0 d5 7. exd5 Nxd5 8. Re1 Bf6 9. Nbd2 Na5 10. Nxe5 Nf4 11. Nxf7 Rxf7 12. Qa4 Be6 13. Bxe6 Nxe6 14. Rxe6 Nc6 15. d4 Qd7 16. Re3 Raf8 17. Ne4 Bh4 18. Qc2 Qf5 19. Rf3 Qg6 20. Rxf7 Rxf7 21. Be3 Ne7 22. Rf1 Nd5 23. Qd3 Rf3 24. g3 Nxe3 25. fxe3 Bxg3 26. Rxf3 Bd6+ 27. Kf1 1-0

[Event "FRA-chT2 0910"]
[Site "France"]
[Date "2009.12.12"]
[Round "5.7"]
[White "Tosello, Mickael"]
[Black "Julien, Clement"]
[Result "1/2-1/2"]
[WhiteElo "1736"]
[BlackElo "1817"]
[PlyCount "41"]
[EventDate "2009.09.27"]
[EventType "team-tourn"]
[EventRounds "11"]
[EventCountry "FRA"]
[SourceTitle "EXT 2011"]
[Source "ChessBase"]
[SourceDate "2010.11.26"]
[SourceVersion "1"]
[SourceVersionDate "2010.11.26"]
[SourceQuality "1"]

1. e4 e5 2. Nf3 Nc6 3. Bb5 a6 4. Bxc6 dxc6 5. 0-0 Bg4 6. d3 Qf6 7. Nbd2 Ne7 8. Qe2 Ng6 9. Qe3 Bd6 10. c3 Nf4 11. d4 0-0 12. dxe5 Bxe5 13. Nxe5 Qxe5 14. Nf3 Bxf3 15. Qxf4 Qxf4 16. Bxf4 Bxe4 17. Bxc7 Rfe8 18. Rfe1 Bf5 19. f3 f6 20. Kf2 Kf7 21. Rad1 1/2-1/2

[Event "Chamalieres op"]
[Site "Chamalieres"]
[Date "2009.10.24"]
[Round "1"]
[White "Etchegaray, Patrice"]
[Black "Julien, Clement"]
[Result "1-0"]
[WhiteElo "2380"]
[BlackElo "1817"]
[PlyCount "33"]
[EventDate "2009.10.24"]
[EventType "swiss"]
[EventRounds "9"]
[EventCountry "FRA"]
[SourceTitle "EXT 2010"]
[Source "ChessBase"]
[SourceDate "2010.11.25"]
[SourceVersion "1"]
[SourceVersionDate "2010.11.25"]
[SourceQuality "1"]

1. e4 e5 2. Nf3 Nc6 3. Bb5 a6 4. Ba4 d6 5. Bxc6+ bxc6 6. d4 exd4 7. Nxd4 c5 8. Nf3 Bb7 9. Nc3 Be7 10. 0-0 Nf6 11. Qe2 0-0 12. Rd1 h6 13. Nh4 Nxe4 14. Nf5 Nxc3 15. Nxe7+ Kh8 16. bxc3 Re8 17. Re1 1-0

[Event "FRA-ch op-C"]
[Site "Pau"]
[Date "2008.08.20"]
[Round "8"]
[White "Julien, Clement"]
[Black "Guilchard, Benjamin"]
[Result "1/2-1/2"]
[WhiteElo "1728"]
[BlackElo "1788"]
[PlyCount "139"]
[EventDate "2008.08.11"]
[EventType "swiss"]
[EventRounds "9"]
[EventCountry "FRA"]
[SourceTitle "CBM 126 Extra"]
[Source "ChessBase"]
[SourceDate "2008.11.05"]
[SourceVersion "1"]
[SourceVersionDate "2008.11.05"]
[SourceQuality "1"]

1. e4 c5 2. c3 d6 3. d4 Nf6 4. Bd3 g6 5. h3 Bg7 6. f4 cxd4 7. cxd4 Qa5+ 8. Nc3 Nc6 9. Nf3 d5 10. e5 Ne4 11. Bxe4 dxe4 12. Nd2 Nxd4 13. Ndxe4 Nf5 14. Qd5 Qb6 15. Qb5+ Qxb5 16. Nxb5 0-0 17. g4 Bd7 18. Nbc3 Nd4 19. 0-0 Nb5 20. Be3 Nxc3 21. Nxc3 f6 22. exf6 exf6 23. Rad1 Bc6 24. Bc5 Rfd8 25. Rfe1 a6 26. Bb6 Rxd1 27. Rxd1 Re8 28. Kf2 Bh6 29. Be3 Kf7 30. Nd5 Rd8 31. Nc3 Rxd1 32. Nxd1 Ke6 33. Nc3 Bf8 34. a3 b5 35. Ne2 Kd5 36. h4 Bc5 37. Nc3+ Kc4 38. Bxc5 Kxc5 39. Ke3 Kc4 40. Nd1 Kb3 41. Kd2 Bf3 42. Nf2 Kxb2 43. Ke3 Bb7 44. Nd3+ Kxa3 45. Nc5 Bc8 46. Ne4 Bxg4 47. Nxf6 h5 48. Nxg4 hxg4 49. h5 b4 50. hxg6 b3 51. g7 b2 52. g8Q b1Q 53. Qf8+ Ka4 54. Qe8+ Qb5 55. Qe4+ Ka5 56. Qe5 Qxe5+ 57. fxe5 Kb6 58. Kf4 Kc6 59. Kxg4 a5 60. e6 a4 61. Kf5 a3 62. Kg6 Kd6 63. Kf7 a2 64. e7 a1Q 65. e8Q Qa7+ 66. Kg6 Qg1+ 67. Kh5 Qh2+ 68. Kg6 Qg3+ 69. Kh6 Qf4+ 70. Kg6 1/2-1/2

[Event "FRA-ch op-C"]
[Site "Pau"]
[Date "2008.08.16"]
[Round "5"]
[White "Falais, Jean Francois"]
[Black "Julien, Clement"]
[Result "0-1"]
[WhiteElo "1747"]
[BlackElo "1728"]
[PlyCount "106"]
[EventDate "2008.08.11"]
[EventType "swiss"]
[EventRounds "9"]
[EventCountry "FRA"]
[SourceTitle "CBM 126 Extra"]
[Source "ChessBase"]
[SourceDate "2008.11.05"]
[SourceVersion "1"]
[SourceVersionDate "2008.11.05"]
[SourceQuality "1"]

1. d4 d5 2. c4 Bf5 3. e3 e6 4. cxd5 exd5 5. Nc3 c6 6. Bd3 Bxd3 7. Qxd3 Nf6 8. Nf3 Nbd7 9. 0-0 Be7 10. e4 dxe4 11. Nxe4 0-0 12. Nxf6+ Bxf6 13. Be3 Nb6 14. Rad1 Qd5 15. b3 Rad8 16. Qc2 Rd7 17. Qc5 Rfd8 18. Qxd5 Nxd5 19. Rd2 a5 20. Bg5 Bxg5 21. Nxg5 Nf4 22. g3 Rxd4 23. Rxd4 Ne2+ 24. Kg2 Nxd4 25. Rd1 Ne6 26. Rxd8+ Nxd8 27. Kf3 f6 28. Nh3 Ne6 29. Ke4 Kf7 30. Ng1 Ke7 31. f4 g6 32. g4 Nc5+ 33. Kd4 Kd6 34. Ne2 b5 35. Nc1 Na6 36. h4 Nb4 37. h5 f5 38. hxg6 hxg6 39. gxf5 gxf5 40. a4 c5+ 41. Ke3 Nd5+ 42. Kf3 bxa4 43. bxa4 c4 44. Kg3 Nc3 45. Kf3 Nxa4 46. Ke3 Kd5 47. Ne2 Nc5 48. Nd4 Nb3 49. Nxf5 a4 50. Ne7+ Kd6 51. Nc8+ Ke6 52. Nb6 a3 53. Nxc4 a2 0-1

[Event "FRA-ch U08"]
[Site "Le Grand Bornand"]
[Date "2007.04.??"]
[Round "2"]
[White "Julien, Clement"]
[Black "Copin, Valentin"]
[Result "1/2-1/2"]
[WhiteElo "1620"]
[BlackElo "1867"]
[PlyCount "64"]
[EventDate "2007.04.07"]
[EventType "swiss"]
[EventRounds "9"]
[EventCountry "FRA"]
[SourceTitle "CBM 118 Extra"]
[Source "ChessBase"]
[SourceDate "2007.07.04"]
[SourceVersion "1"]
[SourceVersionDate "2007.07.04"]
[SourceQuality "1"]

1. e4 e5 2. Nf3 Nc6 3. Bc4 Bc5 4. c3 Nf6 5. d3 a6 6. Nbd2 d6 7. 0-0 0-0 8. b4 Ba7 9. a4 Bg4 10. h3 Be6 11. Ba3 Bxc4 12. Nxc4 b5 13. Ne3 d5 14. Qc2 dxe4 15. dxe4 Bxe3 16. fxe3 Qb8 17. c4 Qb6 18. c5 Qb7 19. axb5 axb5 20. Nd2 Ra4 21. Qc3 Rfa8 22. Rfb1 Qa7 23. Rb3 Nxb4 24. Rxb4 Rxa3 25. Rxa3 Qxa3 26. Qxa3 Rxa3 27. Rxb5 g6 28. Kf2 Ra2 29. Ke1 Ra1+ 30. Kf2 Ra2 31. Ke1 Ra1+ 32. Kf2 Ra2 1/2-1/2